[Event "BEL-ch U16"]
[Site "Blankenberge"]
[Date "2017.04.12"]
[Round "5"]
[White "Akuatse Angel, Kaleb"]
[Black "Laurent, Yann"]
[Result "1/2-1/2"]
[WhiteElo "1623"]
[BlackElo "1616"]
[PlyCount "50"]
[EventDate "2017.04.09"]
[EventType "swiss"]
[EventRounds "9"]
[EventCountry "BEL"]
[SourceTitle "CBM 178 Extra"]
[Source "ChessBase"]
[SourceDate "2017.06.22"]
[SourceVersion "1"]
[SourceVersionDate "2017.06.22"]
[SourceQuality "1"]

1. e4 e5 2. Nf3 Nc6 3. c3 d5 4. Qa4 Bd7 5. exd5 Nd4 6. Qd1 Nxf3+ 7. Qxf3 Nf6 8. d3 Bg4 9. Qg3 Qxd5 10. Bg5 Bf5 11. Bxf6 gxf6 12. c4 Bb4+ 13. Nc3 Qd4 14. Rc1 0-0-0 15. a3 Bxc3+ 16. Rxc3 e4 17. Qf4 Bg6 18. Qe3 exd3 19. Qxd4 Rxd4 20. Kd2 Rhd8 21. h4 Bf5 22. h5 h6 23. f3 c6 24. g4 Bh7 25. Bh3 f5 1/2-1/2